000 02200nam a2200409 c 4500
003 BLK
005 20180422113303.0
008 180410b bul|||||r ||||||| ||bul||
010 _aKNG00160884000
040 _aBLK
041 _aBUL
_cBUL
080 _aБългарска литература
_b821.163.2
_x-312.6
_z821.163.2-312.6
080 _aНационалноосвободителното движение в България (1856-1877)
_b94(497.2)"1856/1877"
_x(092)
_z94(497.2)"1856/1877"(092)
080 _aГеорги Мамарчев Буюклиу. Български революционер, капитан от руската армия
_b929 Мамарчев, Георги Стойков
_x
_z929 Мамарчев, Георги Стойков
100 1 _aКалчев, Камен
_eпърви автор
_gКалчев, Петър Митев
_9367490
700 1 _aНейков, Христо Нейков
_eхудож.
_9372567
700 1 _aКалчев, Петър Митев
_e*
_9317810
139 _aКалчев, Камен
_bК 20
245 1 0 _aСмелият капитан
_bРоманизована биогр. на капитан Георги Мамарчев : За юноши
_cКамен Калчев; худож. Христо Нейков Нейков; * Петър Митев Калчев.
250 _a2. изд.
257 _aBGR
260 София
_bНар. младеж
_c1961
_fСофия : Д. Благоев
300 _a267 с.
_bс ил.
_c21 см
380 _aX
490 1 _aЛюбими книги и герои
500 _aИстинското име на авт. е Петър Митев Калчев. - 1. изд. 1958. - 15 100 тир.
600 1 4 _aМамарчев, Георги Стойков
_9223911
650 4 _aМамарчев, Георги Стойков
_9223911
651 4 _aБългария
_9241624
653 _aГеорги Мамарчев
653 _aроманизувани биографии
852 _aЦб 19313
856 4 _qpdf
_u
856 4 _qpdf
_u
942 _cKNG
_n0
944 _aCR
_c16.05.2014
_l16.05.2014 - от С1,Р / 16.05.2014
_kСимона_Петрова
944 _aED
_c19.02.2016
_l16.05.2014 - от С1,Р / 16.05.2014
_kКети_Илиева
999 _c154311
_d154311